01053nam a2200289Ia 450000500170000000800410001702000150005810000290007324501180010225000230022030000430024349000200028653400370030665000380034365000410038165000370042265000380045965000390049770000330053670000320056926400280060133600270062933700330065633800280068904000350071708400110075220220317000618.0160601s9999 xx 000 0 und d a958615517X1 aCarrol, Lewisd1832-189810aAlicia en el país de las maravillas cLewis Carroll ; traducción Ramón Buckley ; ilustraciones John Tenniel a3a. reimpresión  a180 páginas bilustraciones c18 cm  aEspacio de leer tAlice's adventures in wonderland 2LEMB aNovela inglesa ySiglo XIX 2LEMB aLiteratura inglesaySiglo XIX 2LEMB aAnimales en la literatura 2LEMB aAventuras en la literatura 2LEMB aFantasía en la literatura1 aBuckley, Ramónetraductor 1 aTenniel, John eilustrador  aBogotá bEducarc2004 atextobtxt2rdacontent asin mediaciónbn2rdamedia avolumenbnc2rdacarrier aCO-BoRNBPbspaerdacCO-BoRNBP aN CAR3